[Event "Eschborn op"]
[Site "Eschborn"]
[Date "2019.08.18"]
[Round "4.17"]
[White "Dreis, Volker"]
[Black "Mertens, Niklas"]
[Result "1/2-1/2"]
[WhiteElo "1902"]
[BlackElo "1717"]
[PlyCount "52"]
[EventDate "2019.08.16"]
[EventType "swiss"]
[EventRounds "5"]
[EventCountry "GER"]
[SourceTitle "EXT 2024"]
[Source "ChessBase"]
[SourceDate "2023.10.10"]
[SourceVersion "1"]
[SourceVersionDate "2023.10.10"]
[SourceQuality "1"]

1. e4 c6 2. d4 d5 3. e5 Bf5 4. Nc3 e6 5. g4 Bg6 6. Nge2 c5 7. Be3 cxd4 8. Bxd4 Nc6 9. Rc1 Bb4 10. a3 Ba5 11. b4 Bc7 12. f4 Nxd4 13. Qxd4 Bb6 14. Qd2 Qh4+ 15. Ng3 Qxg4 16. Bb5+ Kf8 17. Na4 Ne7 18. Nxb6 axb6 19. Qe3 d4 20. Qxd4 Nd5 21. Ne2 Rd8 22. Qf2 Be4 23. Rg1 Qf3 24. c4 Qxf2+ 25. Kxf2 Nc7 26. Rgd1 Ke7 1/2-1/2